000 00642nam a2200205Ia 4500
003 IN-BaIIA
008 211028s9999 xx 000 0 eng d
020 _a978-1-938228-80-3
040 _cIIA Library
080 _a(084.4)"20":523.34
_bWOO
100 _aWood, Charles A
_936031
245 0 _a21st century atlas of the moon
_cCharles A. Wood and M. J. S. Collins
260 _aMorgantown
_bWest Virginia University Press
_c2013
300 _a111p.
650 _aMoon -- Atlases
_936032
650 _aMoon -- Observers' manuals
_936033
650 _aMoon -- Pictorial works
_936034
700 _aCollins, Maurice J. S
_936035
942 _cBK
999 _c18849
_d18849